000 01129nam a2200205 a 4500
008 120416s1978 ||||||||||||||||| || u
020 _a090303154x
050 _aHF 5686.B7 Mil
100 _aMiles, Derek
245 1 0 _aAccounting and book-keeping for the small building contractor
260 _aLondon
_bIntermediate Technology Publications
_c1978
300 _a190p. : ill.
350 _a0.00
650 _aBOOK-KEEPING
650 0 _aACCOUNTING--HANDBOOKS, MANUALS, ETC
995 _aANNEX COLLECTION (Main Library)
_D0.00
_e711084
_FCBU-MAIN LIBRARY (Kitwe)
_H1
_I8.50
_jHF 5686.B7 Mil
_M4
_UAVAILABLE
_y006488
_ZAnnex Low-Usage Collection
995 _aMAIN LIBRARY OPEN ACCESS
_D0.00
_e723551
_FCBU-MAIN LIBRARY (Kitwe)
_H3
_I8.50
_jHF 5686.B7 Mil
_M2
_UAVAILABLE
_y006486
_ZMain Library Open Access Collection
995 _aMAIN LIBRARY OPEN ACCESS
_D0.00
_e712938
_FCBU-MAIN LIBRARY (Kitwe)
_H4
_I8.50
_jHF 5686.B7 Mil
_M3
_UAVAILABLE
_y006487
_ZMain Library Open Access Collection
995 _aANNEX COLLECTION (Main Library)
_D0.00
_e704304
_FCBU-MAIN LIBRARY (Kitwe)
_H2
_I8.50
_jHF 5686.B7 Mil
_M1
_UAVAILABLE
_y006485
_ZAnnex Low-Usage Collection
999 _c75584
_d75584